The answer lies beneath out feet (Record no. 121144)
[ view plain ]
| 000 -LEADER | |
|---|---|
| fixed length control field | 00681nas a22002057a 4500 |
| 001 - CONTROL NUMBER | |
| control field | K121144 |
| 007 - PHYSICAL DESCRIPTION FIXED FIELD--GENERAL INFORMATION | |
| fixed length control field | ta |
| 008 - FIXED-LENGTH DATA ELEMENTS--GENERAL INFORMATION | |
| fixed length control field | 191021b2019 ||||| |||| 00| 0 eng d |
| 041 ## - LANGUAGE CODE | |
| Language code of text/sound track or separate title | eng |
| 100 ## - MAIN ENTRY--PERSONAL NAME | |
| Personal author | Bull, George |
| 245 ## - TITLE STATEMENT | |
| Title | The answer lies beneath out feet |
| 260 ## - PUBLICATION INFORMATION | |
| Date | 2019 |
| 490 ## - SERIES TITLE | |
| Series statement | Modus |
| Volume | June 2019, 32-34(3) |
| 520 ## - ABSTRACT | |
| Abstract | Examines how soil, with it's carbon-capturing capability, might be a solution to the current climate emergency. Outlines an example of carbon farming in action in California, the Marin Carbon Project. |
| 650 ## - KEYWORDS | |
| Keywords | CARBON FARMING |
| 650 ## - KEYWORDS | |
| Keywords | SOIL |
| 650 ## - KEYWORDS | |
| Keywords | CLIMATE CHANGE |
| 651 ## - SUBJECT ADDED ENTRY--GEOGRAPHIC NAME | |
| Geographic name | United Kingdom 1973 |
| 690 ## - LOCAL SUBJECT ADDED ENTRY--TOPICAL TERM (OCLC, RLIN) | |
| 9 (RLIN) | 6238 |
| Topical term or geographic name as entry element | Environment |
| Withdrawn status | Lost status | Source of classification or shelving scheme | Damaged status | Not for loan | Home library | Current library | Shelving location | Date acquired | Total Checkouts | Date last seen | Price effective from | Koha item type |
|---|---|---|---|---|---|---|---|---|---|---|---|---|
| Dewey Decimal Classification | London | London | Gallery | 21/10/2019 | 21/10/2019 | 21/10/2019 | Journal article |